Personality structure: Emergence of the five-factor model

Saved in:  
Bibliographic Details
Main Author: Digman, John M. (Author)
Format: Print Article
Language:English
Published: 1990
In: Annual review of psychology
Year: 1990, Volume: 41, Pages: 417-440
Availability in Tübingen:Present in Tübingen.
IFK: 7235
Check availability: HBZ Gateway
Keywords:

MARC

LEADER 00000caa a22000002c 4500
001 1640257861
003 DE-627
005 20220608131541.0
007 tu
008 160223s1990 xx ||||| 00| ||eng c
035 |a (DE-627)1640257861 
035 |a (DE-576)456096043 
035 |a (DE-599)BSZ456096043 
040 |a DE-627  |b ger  |c DE-627  |e rakwb 
041 |a eng 
100 1 |a Digman, John M.  |4 aut 
245 1 0 |a Personality structure: Emergence of the five-factor model  |c John M. Digman 
264 1 |c 1990 
336 |a Text  |b txt  |2 rdacontent 
337 |a ohne Hilfsmittel zu benutzen  |b n  |2 rdamedia 
338 |a Band  |b nc  |2 rdacarrier 
773 0 8 |i In  |t Annual review of psychology  |d Palo Alto, Calif. : Annual Reviews Inc., 1950  |g 41(1990), Seite 417-440  |w (DE-627)129499366  |w (DE-600)207937-9  |w (DE-576)014899507  |x 0066-4308  |7 nnas 
773 1 8 |g volume:41  |g year:1990  |g pages:417-440 
935 |a mkri 
951 |a AR 
ELC |b 1 
LOK |0 000 xxxxxcx a22 zn 4500 
LOK |0 001 3301748740 
LOK |0 003 DE-627 
LOK |0 004 1640257861 
LOK |0 005 20160223101459 
LOK |0 008 160208||||||||||||||||ger||||||| 
LOK |0 040   |a DE-21-110  |c DE-627  |d DE-21-110 
LOK |0 689   |a s  |a Anlage-Umwelt 
LOK |0 689   |a s  |a Persönlichkeitsmodell 
LOK |0 852   |a DE-21-110 
LOK |0 852 1  |c 7235  |m p  |9 00 
LOK |0 935   |a k110 
LOK |0 938   |k p 
LOK |0 939   |a 08-02-16  |b l01 
ORI |a SA-MARC-krimdoka001.raw 
SIG |a IFK: 7235